00649nam a2200193Ia 4500008004100000082001600041100001800057245003500075250000800110260002900118300001200147500002400159650001500183700002300198942000700221952010500228952010500333999001700438230524s9999 xx 000 0 und d a658.12bEVA aJames R.Evans 0aQuality Control and Management aIST aNEW DELHIbCengagec2009 aXII;695 aQuantity Number: 2 aManagement a William M.Lindsay cBK 00104070aTATCLbTATCLcGENd2023-05-24l0o658.12 EVAp36184r2023-05-24w2023-05-24yBKzMBA305A 00104070aTATCLbTATCLcGENd2023-05-24l0o658.12 EVAp36185r2023-05-24w2023-05-24yBKzMBA305A c46015d46015